000 00427nam a22000977a 4500
008 171216b xxu||||| |||| 00| 0 eng d
100 _aKunze, Albert
245 _aWho's who on the postage stamps of Cuba
260 _aWashington DC
_bPan American Union
_c1943
650 _aCuba (1873-) | Topical Collecting -- Famous People | Topical Collecting -- History | Biographies | Definitive Issues | Commemorative Issues | Designs | Chronology
999 _c2590
_d2590